000 00664pam a2200229 a 4500
001 1579213
005 20240304233914.0
008 930507s1993 enka b 001 0 eng
020 _a1856491196
020 _a185649120X
040 _aDLC
_cDLC
_dDLC
082 0 0 _a323.334,
_220
_bWOM.
100 1 _aTomaševski, Katarina.
245 1 0 _aWomen and human rights /
_cprepared by Katarina Tomaševski.
260 _aLondon ;
_bZed Books LTD.
_c1993.
300 _axiv, 162 p. :
650 0 _aWomen's rights.
650 0 _aSex discrimination against women.
650 0 _aWomen
856 4 2 _uhttp://www.loc.gov/catdir/description/hol054/93024674.html
942 _cL
999 _c541
_d541